Les grottes des crocodiles de Maabdah (Samoun) : un cas extrême d'analyse archéologique /

Saved in:

Main Author: Zimmer, Thierry (Author)

Format: Book

Language: French

Published: San Antonio, Tex : Van Siclen, c1987.

Series: Varia Aegyptiaca. Supplement ; 1.
VA Supplement ; 1.

Subjects:

Tags: Add Tag

No Tags, Be the first to tag this record!

Call Number: DT57 .V31 v.1

LEADER 00972namaa2200289 4500
001 13410
003 OSt
005 20260423110048.0
008 130303s1987 txuab b 000 0 fre d
020 |a 9780933175136 
040 |c ARCE Library 
050 4 |a DT57 .V31 v.1 
100 1 |a Zimmer, Thierry,  |e author  |9 42696 
245 1 4 |a Les grottes des crocodiles de Maabdah (Samoun) :   |b un cas extrême d'analyse archéologique /   |c par Thierry Zimmer. 
264 1 |a San Antonio, Tex :  |b Van Siclen,  |c c1987. 
300 |a iv, 48 pages :   |b illustrations, maps ;   |c 22 cm. 
490 1 |a Varia Aegyptiaca. Supplement ;   |v 1. 
490 1 |a VA Supplement ;   |v 1. 
504 |a Includes bibliographical references. 
650 0 |a Caves   |z Egypt   |z El Maʻabda. 
651 0 |a El Maʻabda (Egypt)   |x Antiquities. 
651 0 |a Egypt  |x Antiquities. 
830 0 |a Varia Aegyptiaca. Supplement ;   |v 1. 
830 0 |a VA Supplement ;   |v 1. 
901 |a reviewed 
942 |c BK  |2 lcc 
999 |c 13304  |d 13304